El Perú llega a los ochenta /
Gorde:
| Egile nagusia: | |
|---|---|
| Formatua: | Texto |
| Gaiak: | |
| Etiketak: |
Etiketa erantsi
Etiketarik gabe, Izan zaitez lehena erregistro honi etiketa jartzen!
|
MARC
| LEADER | 00000 a a2200000 04500 | ||
|---|---|---|---|
| 001 | 17939 | ||
| 003 | |||
| 040 | |||
| 100 | |a Cotler, Julio | ||
| 245 | |a El Perú llega a los ochenta / |c Julio Cotler | ||
| 650 | |a POLITICA | ||
| 650 | |a DEMOCRACIA | ||
| 650 | |a CRISTIANISMO | ||
| 650 | |a PERU | ||
| 773 | |g volumen 4, número 24; páginas 271-274 | ||
| 999 | |c 35620 |d 35620 | ||
| 773 | 0 | |0 42391 |9 3691 |a Agencia Latinoamericana de Información, ALAI |d Quito, Ecuador: ALAI |o 04451 |t ALAI: |x 08275564 (Servicio mensual de información y documentación) | |
